Fe y razón "Fides et Ratio" / Juan Pablo II

Guardado en:
Detalles Bibliográficos
Autor corporativo: Iglesia Católica. Papa (1978-2005 : San Juan Pablo II)
Formato: Libro
Colección:Documentos Pontificios ; 63
Temas:
Etiquetas: Agrega una etiqueta
Sin etiquetas, Sé el primero en etiquetar este registro!

MARC

LEADER 00000nam^a2200000^u^4500
001 000551308
005 20250521000000.0
008 060220s1000^^^^^^^^^^^^r^^^^^000^0^spa^d
009 20260310131552.163
035 |a FMI 000021092 
037 |a Acervo Xavier Clavigero 
096 |a 5.4.4/19/C/v.63 
110 |a Iglesia Católica. Papa (1978-2005 : San Juan Pablo II) 
245 1 0 |a Fe y razón "Fides et Ratio" / Juan Pablo II 
264 |a México : Nueva Librería Parroquial de Clavería ; Basilio Núñez, [s.a.] 
300 |a 128 p. 
336 |a texto  |b txt  |2 rdacontenido 
337 |a sin mediación  |b n  |2 rdamedio 
338 |a volumen  |b nc  |2 rdasoporte 
440 0 |a Documentos Pontificios ; 63 
597 |a "Carta Encíclica sobre las relaciones entre Fe y razón" 
649 |a XX 
650 |a Documentos Eclesiásticos 
910 |a Fondo Francisco Migoya Covarrubias S.J. 
920 |a Impresos - Libros 
930 |a Fondos Especiales 
905 |a 134 
901 |a SBC20297  |b IT2  |c ESP  |u 20250521 
902 |a https://opac.biblio.iteso.mx/vufind/Record/000551308